Top 5 Songs On Madvillainy (Madvillain, MF DOOM, Madlib) - Statistics

General Stats
  • This quiz has been taken 103 times
    80 since last reset
  • The average score is 4 of 5
Answer Stats
Hint Answer % Correct
98,600,892 All Caps
97%
65,496,701 Accordion
86%
66,280,280 Meat Grinder
86%
47,935,704 Fancy Clown
83%
41,912,101 Figaro
65%
No matching quizzes found
Score Distribution
Percent of People with Each Score
Percentile by Number Answered
Your Score History
You have not taken this quiz since the last reset